|
|
|
|
| LEADER |
00000nab a2200000uu 4500 |
| 001 |
vtls011456635 |
| 003 |
SK-MaSNL |
| 005 |
20260303154000.0 |
| 008 |
230222|1965 xo |||||||||||||||||slo| |
| 015 |
|
|
|a SNBRB
|
| 035 |
|
|
|a (urnnbn)urn:nbn:sk:snk:ar-a09rlp
|
| 035 |
|
|
|a (uuid)4de52ad6-379d-4842-82fe-33a7f15f6e47
|
| 035 |
|
|
|a urn:nbn:sk:snk-abcreq
|
| 040 |
|
|
|a SNKBUCL
|b slo
|c SNKBUCL
|e AACR2
|
| 041 |
0 |
|
|a slo
|
| 044 |
|
|
|a xo
|c SK
|
| 100 |
1 |
|
|a Plander, Ivan,
|d 1928-2019
|4 aut
|9 191296
|
| 245 |
1 |
0 |
|a Analýza rovinných mechanizmov s nižšími kinematickými dvojicami na analógovom počítači
|c Ivan Plander, Jozef Tomáš
|
| 700 |
1 |
|
|a Tomáš, Jozef
|4 aut
|9 23901
|
| 773 |
0 |
|
|t Strojnícky časopis
|g Roč. 16, č. 5 (1965), s. 463-486
|
| 954 |
|
|
|a odborná, vedecká literatúra pôvodná (slovenská)
|2 lita
|
| 958 |
|
|
|a OND
|
| 958 |
|
|
|a EUIPO
|
| 958 |
|
|
|a article16
|
| 999 |
|
|
|c 2031118
|d 2033048
|